| 000 | 02654ata a2201081 4500 | ||
|---|---|---|---|
| 005 | 20240429173816.0 | ||
| 008 | 150515b xxu||||| |||| 00| 0 spa d | ||
| 020 | _a8485292823 | ||
| 041 | _aESP | ||
| 082 | _a507 C569c | ||
| 245 | _aCiencias experimentales | ||
| 260 |
_aEspaña _bAlfanauta _c2007 |
||
| 300 | _a366 páginas | ||
| 650 | _aEXPERIMENTOS | ||
| 650 | _aPROYECTOS CIENTÍFICOS | ||
| 650 | _aFÍSICA | ||
| 650 | _aCINEMÁTICA | ||
| 650 | _aVELOCIDAD | ||
| 650 | _aMOVIMIENTO | ||
| 650 | _aCAÍDA LIBRE | ||
| 650 | _aMAGNETISMO | ||
| 650 | _aESTRUCTURA ATÓMICA | ||
| 650 | _aELECTRÓNICA | ||
| 650 | _aFÍSICA NUCLEAR | ||
| 650 | _aQUÍMICA INORGÁNICA | ||
| 650 | _aSISTEMA PERIÓDICO | ||
| 650 | _aELEMENTOS QUÍMICOS | ||
| 650 | _aCOMPUESTOS QUÍMICOS | ||
| 650 | _aDINÁMICA DE LA PARTICULA | ||
| 650 | _aLEYES DE NEWTON | ||
| 650 | _aTRABAJO | ||
| 650 | _aENERGÍA | ||
| 650 | _aCONSERVACIÓN | ||
| 650 | _aACÚSTICA | ||
| 650 | _aÓPTICA | ||
| 650 | _aELECTRICIDAD | ||
| 650 | _aÁCIDOS | ||
| 650 | _aREACCIONES QUÍMICAS | ||
| 650 | _aFORMULACIÓN | ||
| 650 | _aQUÍMICA ORGÁNICA | ||
| 650 | _aESTRUCTURA ATÓMICA | ||
| 650 | _aTERMOMETRÍA | ||
| 650 | _aCALORIMETRÍA | ||
| 650 | _aDILATACIÓN | ||
| 650 | _aNÚCLEO | ||
| 650 | _aRADIOACTIVIDAD | ||
| 650 | _aCORRIENTE ELÉCTRICA | ||
| 650 | _aCIRCUITOS ELÉCTRICOS | ||
| 650 | _aSÓLIDOS | ||
| 650 | _aLÍQUIDOS | ||
| 650 | _aGASES | ||
| 650 | _aLUZ | ||
| 650 | _aCOLOR | ||
| 650 | _aAMPERÍMETROS | ||
| 650 | _aVOLÍMETRO | ||
| 650 | _aAIRE | ||
| 650 | _aATMOSFERA | ||
| 650 | _aONDAS | ||
| 650 | _aONDAS ELECTROMAGNÉTICAS | ||
| 650 | _aPOLARIZACIÓN | ||
| 650 | _aCORRIENTE ALTERNA | ||
| 650 | _aCIRCUITOS | ||
| 650 | _aDIODO | ||
| 650 | _aTRIODO | ||
| 650 | _aSEMICONDUCTORES | ||
| 650 | _aÁTOMOS | ||
| 650 | _aMOLÉCULAS | ||
| 650 | _aESTEQUIOMETRÍA | ||
| 650 | _aTERMODINÁMICA | ||
| 650 | _aCINÉTICA QUÍMICA | ||
| 650 | _aEQUILIBRIO QUÍMICO | ||
| 650 | _aOXIDACIÓN | ||
| 650 | _aREDUCCIÓN | ||
| 650 | _aENERGÍA ELÉCTRICA | ||
| 650 | _aELECTRÓLISIS | ||
| 650 | _aCORROSIÓN | ||
| 650 | _aRAYOS X | ||
| 650 | _aMETALES | ||
| 650 | _aNOMENCLATURA | ||
| 650 | _aMECANISMOS DE REACCIÓN | ||
| 650 | _aLEYES DE LA DINÁMICA | ||
| 650 | _aPOTENCIA | ||
| 650 | _aENERGIA CINÉTICA | ||
| 650 | _aSONIDO | ||
| 650 | _aRESONANCIA | ||
| 650 | _aHIDROSTÁTICA | ||
| 650 | _aGRAVEDAD | ||
| 650 | _aHIDROCARBUROS | ||
| 650 | _aSISTEMA INTERNACIONAL DE UNIDADES | ||
| 650 | _aVECTORES | ||
| 650 | _aMEDICIÓN | ||
| 942 |
_cBK _2ddc |
||
| 999 |
_c5537 _d5537 |
||